<?xml version="1.0" encoding="UTF-8"?><?xml-stylesheet type="text/xsl" href="static/style.xsl"?><OAI-PMH xmlns="http://www.openarchives.org/OAI/2.0/" xmlns:xsi="http://www.w3.org/2001/XMLSchema-instance" xsi:schemaLocation="http://www.openarchives.org/OAI/2.0/ http://www.openarchives.org/OAI/2.0/OAI-PMH.xsd"><responseDate>2026-04-17T20:58:00Z</responseDate><request verb="GetRecord" identifier="oai:www.recercat.cat:20.500.12327/1052" metadataPrefix="marc">https://recercat.cat/oai/request</request><GetRecord><record><header><identifier>oai:recercat.cat:20.500.12327/1052</identifier><datestamp>2025-10-22T11:26:52Z</datestamp><setSpec>com_2072_4428</setSpec><setSpec>com_2072_4427</setSpec><setSpec>col_2072_487898</setSpec></header><metadata><record xmlns="http://www.loc.gov/MARC21/slim" xmlns:dcterms="http://purl.org/dc/terms/" xmlns:xsi="http://www.w3.org/2001/XMLSchema-instance" xmlns:doc="http://www.lyncode.com/xoai" xsi:schemaLocation="http://www.loc.gov/MARC21/slim http://www.loc.gov/standards/marcxml/schema/MARC21slim.xsd">
   <leader>00925njm 22002777a 4500</leader>
   <datafield ind2=" " ind1=" " tag="042">
      <subfield code="a">dc</subfield>
   </datafield>
   <datafield ind2=" " ind1=" " tag="720">
      <subfield code="a">Martínez-Eixarch, Maite</subfield>
      <subfield code="e">author</subfield>
   </datafield>
   <datafield ind2=" " ind1=" " tag="720">
      <subfield code="a">Alcaraz, Carles</subfield>
      <subfield code="e">author</subfield>
   </datafield>
   <datafield ind2=" " ind1=" " tag="720">
      <subfield code="a">Viñas, Marc</subfield>
      <subfield code="e">author</subfield>
   </datafield>
   <datafield ind2=" " ind1=" " tag="720">
      <subfield code="a">Noguerol, Joan</subfield>
      <subfield code="e">author</subfield>
   </datafield>
   <datafield ind2=" " ind1=" " tag="720">
      <subfield code="a">Aranda, Xavier</subfield>
      <subfield code="e">author</subfield>
   </datafield>
   <datafield ind2=" " ind1=" " tag="720">
      <subfield code="a">Prenafeta-Boldú, Frances-Xavier</subfield>
      <subfield code="e">author</subfield>
   </datafield>
   <datafield ind2=" " ind1=" " tag="720">
      <subfield code="a">Català-Forner, Mar</subfield>
      <subfield code="e">author</subfield>
   </datafield>
   <datafield ind2=" " ind1=" " tag="720">
      <subfield code="a">Fennessy, M. Siobhan</subfield>
      <subfield code="e">author</subfield>
   </datafield>
   <datafield ind2=" " ind1=" " tag="720">
      <subfield code="a">Ibáñez, Carles</subfield>
      <subfield code="e">author</subfield>
   </datafield>
   <datafield ind2=" " ind1=" " tag="260">
      <subfield code="c">2021-01-09</subfield>
   </datafield>
   <datafield ind2=" " ind1=" " tag="520">
      <subfield code="a">Purpose&#xd;
To assess 1) the cumulative greenhouse gas emissions –GHG- and global warming potential (methane – CH4- and nitrous oxide) from rice fields in the growing and fallow seasons, and 2) the environmental and agronomic drivers of CH4 emissions, and their relative capacity to explain CH4 variation.&#xd;
&#xd;
Methods&#xd;
A two-year multisite field experiment covering the agronomic and environmental variability of a rice growing area in NE Iberian Peninsula was conducted with monthly samplings of GHG and monitoring of both environmental and agronomic factors. Information-theoretic framework analysis was used to assess the relative contribution of the environmental and agronomic variables on methane emissions.&#xd;
&#xd;
Results&#xd;
Two thirds of the CH4 is emitted in the fallow season. Edaphic factors exert more influence during the growing season whereas agronomic factors have a higher impact in the fallow. The implications of these findings on the design of improved mitigation options rice are discussed.&#xd;
&#xd;
Conclusions&#xd;
Soils with higher soil sulphate concentration, bulk density and clay content emit less CH4 in growing season. In the fallow season, the rates of both straw input and nitrogen fertilization stimulate CH4 emissions.</subfield>
   </datafield>
   <datafield ind1="8" ind2=" " tag="024">
      <subfield code="a">Martínez-Eixarch, Maite, Carles Alcaraz, Marc Viñas, Joan Noguerol, Xavier Aranda, Frances-Xavier Prenafeta-Boldú, Mar Català-Forner, M. Siobhan Fennessy, and Carles Ibáñez. 2021. "The Main Drivers Of Methane Emissions Differ In The Growing And Flooded Fallow Seasons In Mediterranean Rice Fields". Plant And Soil. doi:10.1007/s11104-020-04809-5.</subfield>
   </datafield>
   <datafield ind1="8" ind2=" " tag="024">
      <subfield code="a">0032-079X</subfield>
   </datafield>
   <datafield ind1="8" ind2=" " tag="024">
      <subfield code="a">http://hdl.handle.net/20.500.12327/1052</subfield>
   </datafield>
   <datafield ind1="8" ind2=" " tag="024">
      <subfield code="a">https://doi.org/10.1007/s11104-020-04809-5</subfield>
   </datafield>
   <datafield ind2="0" ind1="0" tag="245">
      <subfield code="a">The main drivers of methane emissions differ in the growing and flooded fallow seasons in Mediterranean rice fields</subfield>
   </datafield>
</record></metadata></record></GetRecord></OAI-PMH>